000 00447nam a2200181Ia 4500
001 11044
003 IN-NITTTR
005 20251114233103.0
008 251113s9999||||xx |||||||||||||| ||eng||
040 _beng
040 _cIN-NITTTR
041 _aeng
082 _a629.8042 F551I
100 _aFitch, E. C.
245 0 _aIntroduction to fluid logic /
_cFitch, E. C., Surjaatmadja, J. B.
700 _a Surjaatmadja, J. B.
942 _2ddc
_cBK
999 _c13680
_d13680